[Event "TUR-ch op"]
[Site "Antalya"]
[Date "2008.02.10"]
[Round "11.76"]
[White "Aktas, Huseyin"]
[Black "Gokkaya, Erman"]
[Result "1-0"]
[WhiteElo "1760"]
[BlackElo "1436"]
[PlyCount "33"]
[EventDate "2008.02.04"]
[EventType "swiss"]
[EventRounds "11"]
[EventCountry "TUR"]
[SourceTitle "CBM 122 Extra"]
[Source "ChessBase"]
[SourceDate "2008.03.04"]
[SourceVersion "1"]
[SourceVersionDate "2008.03.04"]
[SourceQuality "1"]

1. Nf3 d5 2. d4 Nf6 3. Bf4 Bf5 4. e3 Nbd7 5. c4 e6 6. Nc3 Bb4 7. Be2 dxc4 8. 0-0 0-0 9. Bxc4 Nh5 10. Bg5 Ndf6 11. Re1 Qc8 12. Nh4 Ne4 13. Qxh5 Nxc3 14. bxc3 Bxc3 15. Nxf5 exf5 16. Be7 g6 17. Qh6 1-0

[Event "TUR-ch op"]
[Site "Antalya"]
[Date "2008.02.08"]
[Round "8.67"]
[White "Aktas, Huseyin"]
[Black "Ozturk, Hilal"]
[Result "1/2-1/2"]
[WhiteElo "1760"]
[BlackElo "1533"]
[PlyCount "102"]
[EventDate "2008.02.04"]
[EventType "swiss"]
[EventRounds "11"]
[EventCountry "TUR"]
[SourceTitle "CBM 122 Extra"]
[Source "ChessBase"]
[SourceDate "2008.03.04"]
[SourceVersion "1"]
[SourceVersionDate "2008.03.04"]
[SourceQuality "1"]

1. e4 e5 2. f4 Bc5 3. Nf3 d6 4. Bc4 Nc6 5. a3 Nf6 6. Nc3 Bd7 7. Na4 Nxe4 8. Nxc5 Nxc5 9. 0-0 0-0 10. d3 exf4 11. Bxf4 Bg4 12. c3 Ne5 13. Bxe5 dxe5 14. h3 Be6 15. Bxe6 Nxe6 16. Nxe5 Qg5 17. d4 c5 18. Nf3 Qe3+ 19. Kh1 cxd4 20. Nxd4 Nxd4 21. Qxd4 Qxd4 22. cxd4 Rad8 23. Rad1 Rfe8 24. Rf3 Re2 25. Rb3 b6 26. d5 Kf8 27. Rb4 Rd6 28. Kg1 Re5 29. Rbd4 Ke7 30. R1d2 Kd7 31. Kf1 Rf6+ 32. Kg1 Kd6 33. g4 h5 34. Kg2 Rg6 35. b4 hxg4 36. hxg4 Rgg5 37. Rf4 f6 38. Rd3 Rxd5 39. Rdf3 Ke5 40. Kg3 Rd4 41. Re3+ Kd5 42. Rxd4+ Kxd4 43. Re7 a5 44. Rb7 axb4 45. axb4 b5 46. Re7 Kd5 47. Kf4 Kd4 48. Rc7 Rg6 49. Rc6 Rg5 50. Rc7 Rg6 51. Rc6 Rg5 1/2-1/2

[Event "TUR-ch op"]
[Site "Antalya"]
[Date "2008.02.05"]
[Round "4.41"]
[White "Oluc, Hakan"]
[Black "Aktas, Huseyin"]
[Result "1-0"]
[WhiteElo "1960"]
[BlackElo "1760"]
[PlyCount "147"]
[EventDate "2008.02.04"]
[EventType "swiss"]
[EventRounds "11"]
[EventCountry "TUR"]
[SourceTitle "CBM 122 Extra"]
[Source "ChessBase"]
[SourceDate "2008.03.04"]
[SourceVersion "1"]
[SourceVersionDate "2008.03.04"]
[SourceQuality "1"]

1. e4 e5 2. Nf3 Nc6 3. d4 exd4 4. Bc4 d6 5. Nxd4 Nxd4 6. Qxd4 Be6 7. Bb3 Nf6 8. Nc3 Be7 9. Bg5 0-0 10. 0-0 Bxb3 11. axb3 a6 12. f4 Re8 13. Qc4 Nd7 14. Bxe7 Rxe7 15. Nd5 Re8 16. Qxc7 Nc5 17. e5 Rc8 18. Qxd6 Qxd6 19. exd6 Rcd8 20. Rad1 Re6 21. b4 Rexd6 22. Ne7+ Kf8 23. Rxd6 Rxd6 24. bxc5 Rd2 25. Nc8 Rxc2 26. Rd1 g6 27. b4 a5 28. Nd6 axb4 29. Nxb7 b3 30. Na5 b2 31. Nb3 Rc3 32. Nd2 Rxc5 33. Kf2 Rc8 34. Ke2 Ke7 35. Nb1 Ke6 36. Kd2 Rc7 37. Nc3 Kf5 38. Rb1 Rb7 39. g3 Kg4 40. Ke2 Kh3 41. Nd1 Kxh2 42. Kf2 f5 43. Rxb2 Rxb2+ 44. Nxb2 Kh3 45. Nd3 Kg4 46. Kg2 Kh5 47. Kf3 Kh6 48. Kg2 Kh5 49. Kf3 Kh6 50. Kg2 Kg7 51. Kh3 Kf6 52. Kh4 h6 53. Ne5 Kg7 54. Nf3 Kf6 55. Kh3 Ke6 56. Kg2 Kf6 57. Kf2 Ke6 58. Ke3 Kf6 59. Kd4 g5 60. Kd5 gxf4 61. gxf4 Kf7 62. Nh4 Kf6 63. Kd6 h5 64. Kd5 Ke7 65. Ke5 Kf7 66. Kxf5 Ke7 67. Kg6 Kf8 68. Kxh5 Kg7 69. Kg5 Kf7 70. f5 Kg7 71. Ng6 Kf7 72. Ne7 Kg7 73. f6+ Kf8 74. Kg6 1-0